00441nam a2200133Ia 4500008004100000082001300041100003300054245002700087260005300114300001900167942000700186999001900193952009500212230907s9999||||xx |||||||||||||| ||und|| a153bSTE aSternberg, Robert J.9116011 0aCognitive psychology / aWadsworth/Cengage Learning,bBelmont, CA :c2012 axxix, 609 p. : cBK c600757d600757 00104070aCAS-EbCAS-Ed2019-11-05l0o153 STEpCAS-E0004856r2023-09-12w2023-09-12yBK